00429cam a2200157ua 45000010005000000080039000050400009000440820013000531000037000662450058001032500009001612600039001703000016002096530018002256530028002433897111208n ii |||gr||||Z||||||asm cMAIN a891.45111 aHazarika, Karabi Deka,eEditor.,11aNirbacita bangla kabitaced. by Karabi Deka Hazarika  a1st. aDibrugarh:bStudents emporium,996. a62p:c23cm. aAssamese poem aNirbacita bangla kabita